000 00925 a2200193 4500
001 29722
005 20260407155608.0
008 260407a1962 arg spa d
003 AR-UNSa-BCEJYS
040 _aAR-UNSa-BCEJYS
_bspa
_cAR-UNSa-BCEJYS
080 _a657.36
_xBalances de comprobación (balance estimativo). Balances de saldo. Balance intermedio
245 1 0 _aInterpretacón de balances
264 1 _aMadrid :
_bEdiciones Rialp
_c1962
300 _a351 p.
_c24 cm.
505 _a1. El balance - 2. La cuenta de explotación y de beneficios y pérdidas - 3. De los diferentes objetos del análisis de los balances - 4. Valoración de los elementos del balance - 5. Examen crítico del conjunto del balance - 6. La aprecicación de las cuentas de explotación y de beneficios y pérdidas - 7. El balance de las sociedades Holding
942 _cBK
590 _aniveau_biblio:m niveau_hierar:0
100 1 _aSnozzi, E.G.
999 _c1948
_d1948